Consumer electronics for engineers / (Record no. 9459)

MARC details
000 -LEADER
fixed length control field 01101cam a2200289 a 4500
001 - CONTROL NUMBER
control field 709039
003 - CONTROL NUMBER IDENTIFIER
control field OSt
005 - DATE AND TIME OF LATEST TRANSACTION
control field 20241029095727.0
008 - FIXED-LENGTH DATA ELEMENTS--GENERAL INFORMATION
fixed length control field 970613s1998 enka b 001 0 eng
010 ## - LIBRARY OF CONGRESS CONTROL NUMBER
LC control number 97024468
020 ## - INTERNATIONAL STANDARD BOOK NUMBER
International Standard Book Number 0521582075 (hb)
040 ## - CATALOGING SOURCE
Original cataloging agency DLC
Transcribing agency must
Modifying agency DLC
050 00 - LIBRARY OF CONGRESS CALL NUMBER
Classification number TK7880
Item number .H64 1998
082 00 - DEWEY DECIMAL CLASSIFICATION NUMBER
Classification number 621.381 HOF 1998
Edition number 21
100 1# - MAIN ENTRY--PERSONAL NAME
Personal name Hoff, Philip Herbert,
Dates associated with a name 1941-
9 (RLIN) 19292
245 10 - TITLE STATEMENT
Title Consumer electronics for engineers /
Statement of responsibility, etc. Philip Hoff.
260 ## - PUBLICATION, DISTRIBUTION, ETC. (IMPRINT)
Place of publication, distribution, etc. Cambridge ;
-- New York :
Name of publisher, distributor, etc. Cambridge University Press,
Date of publication, distribution, etc. 1998.
300 ## - PHYSICAL DESCRIPTION
Extent xviii, 555 p. :
Other physical details ill. ;
Dimensions 27 cm.
504 ## - BIBLIOGRAPHY, ETC. NOTE
Bibliography, etc Includes bibliographical references and index.
650 #0 - SUBJECT ADDED ENTRY--TOPICAL TERM
Topical term or geographic name as entry element Household electronics.
9 (RLIN) 19293
650 #0 - SUBJECT ADDED ENTRY--TOPICAL TERM
Topical term or geographic name as entry element Electronic circuit design.
9 (RLIN) 8167
856 42 - ELECTRONIC LOCATION AND ACCESS
Materials specified Publisher description
Uniform Resource Identifier <a href="http://www.loc.gov/catdir/description/cam028/97024468.html">http://www.loc.gov/catdir/description/cam028/97024468.html</a>
856 41 - ELECTRONIC LOCATION AND ACCESS
Materials specified Table of contents
Uniform Resource Identifier <a href="http://www.loc.gov/catdir/toc/cam025/97024468.html">http://www.loc.gov/catdir/toc/cam025/97024468.html</a>
906 ## - LOCAL DATA ELEMENT F, LDF (RLIN)
a 7
b cbc
c orignew
d 1
e ocip
f 19
g y-gencatlg
942 ## - ADDED ENTRY ELEMENTS (KOHA)
Source of classification or shelving scheme Dewey Decimal Classification
Koha item type Book Bank
Holdings
Withdrawn status Lost status Source of classification or shelving scheme Damaged status Not for loan Home library Current library Date acquired Source of acquisition Inventory number Total Checkouts Full call number Barcode Date last seen Price effective from Koha item type
    Dewey Decimal Classification     MUST Main Library MUST Main Library 29/10/2024 purchase 11/34279   621.381 HOF 1998 2024-22529 29/10/2024 29/10/2024 Book Bank